[Event "Berlin-ch Seniors op 34th"]
[Site "Berlin"]
[Date "2018.01.31"]
[Round "2"]
[White "Tiemer, Klaus"]
[Black "Stuckstedte, Hermann"]
[Result "0-1"]
[WhiteElo "1947"]
[BlackElo "1718"]
[PlyCount "90"]
[EventDate "2018.01.30"]
[EventType "swiss"]
[EventRounds "9"]
[EventCountry "GER"]
[SourceTitle "EXT 2020"]
[Source "ChessBase"]
[SourceDate "2019.10.17"]
[SourceVersion "1"]
[SourceVersionDate "2019.10.17"]
[SourceQuality "1"]

1. d4 Nf6 2. Nf3 e6 3. c4 d5 4. Nc3 c6 5. Bg5 Be7 6. e3 h6 7. Bh4 b6 8. cxd5 cxd5 9. Bd3 0-0 10. Qe2 Nbd7 11. 0-0 Bb7 12. Rac1 Ne8 13. Bg3 Bd6 14. Ba6 Rb8 15. Bxb7 Rxb7 16. Qa6 Qb8 17. Nb5 Bxg3 18. hxg3 Nc7 19. Qa4 Nxb5 20. Qxb5 Rc8 21. Rxc8+ Qxc8 22. b3 Rc7 23. a4 Nf6 24. Ne5 Ne4 25. Kh2 f6 26. Nf3 Rc3 27. a5 bxa5 28. Qxa5 Qb8 29. b4 Rc2 30. Qa6 Kf7 31. Kg1 Rb2 32. Ra1 Nxf2 33. Qa3 Rc2 34. Qa4 Qc7 35. Qxa7 Ng4 36. Qxc7+ Rxc7 37. Re1 Rc3 38. Rb1 Nxe3 39. b5 Rc7 40. Nd2 Rb7 41. b6 Ke7 42. Kf2 Nc2 43. Nf3 Na3 44. Ra1 Nb5 45. Ra6 Kd6 0-1

[Event "Berlin Lichtenberger op 11th"]
[Site "Berlin"]
[Date "2012.08.21"]
[Round "4"]
[White "Hoeckendorf, Hartmut"]
[Black "Tiemer, Klaus"]
[Result "1/2-1/2"]
[WhiteElo "2185"]
[BlackElo "1963"]
[PlyCount "60"]
[EventDate "2012.08.18"]
[EventType "swiss"]
[EventRounds "9"]
[EventCountry "GER"]
[SourceTitle "CBM 150 Extra"]
[Source "ChessBase"]
[SourceDate "2012.10.19"]
[SourceVersion "1"]
[SourceVersionDate "2012.10.19"]
[SourceQuality "1"]

1. Nf3 Nf6 2. g3 d5 3. Bg2 g6 4. 0-0 Bg7 5. d3 Nc6 6. c3 0-0 7. b4 a6 8. a3 Bg4 9. h3 Bf5 10. Nd4 Nxd4 11. cxd4 c6 12. Nd2 Qb6 13. Nb3 Rad8 14. Be3 Ne8 15. Rb1 Nd6 16. Qd2 Rfe8 17. a4 Bc8 18. g4 f5 19. g5 Nf7 20. f4 Nd6 21. Bf2 e6 22. e3 Qc7 23. Bf3 Qe7 24. Be1 h6 25. h4 hxg5 26. hxg5 Kf7 27. Bg3 Rh8 28. Kg2 Rh7 29. Kf2 Rdh8 30. Qc3 Bf8 1/2-1/2

[Event "Berlin Lichtenberger op 10th"]
[Site "Berlin"]
[Date "2011.08.19"]
[Round "7"]
[White "Tiemer, Klaus"]
[Black "Baumbach, Friedrich"]
[Result "1/2-1/2"]
[WhiteElo "1958"]
[BlackElo "2275"]
[PlyCount "23"]
[EventDate "2011.08.13"]
[EventType "swiss"]
[EventRounds "9"]
[EventCountry "GER"]
[SourceTitle "CBM 143 Extra"]
[Source "ChessBase"]
[SourceDate "2011.08.29"]
[SourceVersion "1"]
[SourceVersionDate "2011.08.29"]
[SourceQuality "1"]

1. d4 d5 2. c4 e6 3. Nc3 Nf6 4. Bg5 Be7 5. e3 0-0 6. Nf3 h6 7. Bh4 b6 8. cxd5 exd5 9. Bd3 Bb7 10. 0-0 Nbd7 11. Rc1 c6 12. Qe2 1/2-1/2

[Event "Berlin Lichtenberger op 10th"]
[Site "Berlin"]
[Date "2011.08.18"]
[Round "6"]
[White "Rehder, Frank"]
[Black "Tiemer, Klaus"]
[Result "0-1"]
[WhiteElo "1947"]
[BlackElo "1958"]
[PlyCount "54"]
[EventDate "2011.08.13"]
[EventType "swiss"]
[EventRounds "9"]
[EventCountry "GER"]
[SourceTitle "CBM 143 Extra"]
[Source "ChessBase"]
[SourceDate "2011.08.29"]
[SourceVersion "1"]
[SourceVersionDate "2011.08.29"]
[SourceQuality "1"]

1. d4 Nf6 2. Nf3 g6 3. c4 Bg7 4. Nc3 0-0 5. e4 d6 6. Be2 e5 7. d5 Na6 8. 0-0 Nc5 9. Qc2 a5 10. h3 Nh5 11. Bg5 f6 12. Be3 Nf4 13. a3 a4 14. Rad1 Bd7 15. Nd2 f5 16. Kh2 Qh4 17. Nf3 Qf6 18. Nd2 g5 19. Rh1 Qg6 20. f3 g4 21. fxg4 fxg4 22. hxg4 Nxe2 23. Nxe2 Bxg4 24. Nc3 h5 25. Bxc5 dxc5 26. Nxa4 Bh6 27. Nf3 Bf4+ 0-1

[Event "Berlin Lichtenberger op 10th"]
[Site "Berlin"]
[Date "2011.08.16"]
[Round "4"]
[White "Schmidek, Emil"]
[Black "Tiemer, Klaus"]
[Result "0-1"]
[WhiteElo "1732"]
[BlackElo "1958"]
[PlyCount "52"]
[EventDate "2011.08.13"]
[EventType "swiss"]
[EventRounds "9"]
[EventCountry "GER"]
[SourceTitle "CBM 143 Extra"]
[Source "ChessBase"]
[SourceDate "2011.08.29"]
[SourceVersion "1"]
[SourceVersionDate "2011.08.29"]
[SourceQuality "1"]

1. e4 Nf6 2. Nc3 e6 3. e5 Nd5 4. Nxd5 exd5 5. Qf3 c6 6. d4 d6 7. exd6 Bxd6 8. Be2 0-0 9. Qd3 Qf6 10. Nf3 b6 11. 0-0 Na6 12. c3 Nc7 13. Ne1 Re8 14. Qf3 Qh4 15. h3 Re4 16. Qd3 Bf5 17. Bf3 Rae8 18. Bxe4 dxe4 19. Qd2 Nd5 20. Nc2 Re6 21. Ne3 Bxh3 22. Nxd5 cxd5 23. g3 Bxg3 24. fxg3 Qxg3+ 25. Kh1 Bxf1 26. b3 Rg6 0-1

[Event "Berlin Lichtenberger op 8th"]
[Site "Berlin"]
[Date "2009.08.21"]
[Round "7"]
[White "Ritter, Uwe"]
[Black "Tiemer, Klaus"]
[Result "1/2-1/2"]
[WhiteElo "1998"]
[BlackElo "2067"]
[PlyCount "81"]
[EventDate "2009.08.15"]
[EventType "swiss"]
[EventRounds "9"]
[EventCountry "GER"]
[SourceTitle "CBM 131 Extra"]
[Source "ChessBase"]
[SourceDate "2009.09.03"]
[SourceVersion "2"]
[SourceVersionDate "2009.09.16"]
[SourceQuality "1"]

1. f4 d5 2. Nf3 g6 3. e3 Bg7 4. d4 Nf6 5. c4 c6 6. cxd5 cxd5 7. Bd3 0-0 8. Nc3 Nc6 9. 0-0 b6 10. Bd2 Bb7 11. Rc1 Rc8 12. Qe1 Nb4 13. Bb1 Ba6 14. Rf2 Ng4 15. Ne5 Nxf2 16. Qxf2 Bxe5 17. fxe5 Nd3 18. Bxd3 Bxd3 19. Qh4 e6 20. Qh6 f6 21. Be1 fxe5 22. Bh4 Qd7 23. dxe5 d4 24. exd4 Qxd4+ 25. Kh1 Qf4 26. Qxf4 Rxf4 27. Bg3 Rf7 28. h3 Rcf8 29. Kh2 Rf1 30. Be1 g5 31. Rd1 Bc2 32. Rc1 Bg6 33. Nb5 Be4 34. Nd6 Bd5 35. Kg3 Rg1 36. Kg4 Rxg2+ 37. Kh5 Bf3+ 38. Kh6 Re2 39. Rc7 Be4 40. Nxe4 Rxe4 41. Rg7+ 1/2-1/2

[Event "Berlin Lichtenberger op 8th"]
[Site "Berlin"]
[Date "2009.08.16"]
[Round "2"]
[White "Tiemer, Klaus"]
[Black "Radloff, Rainer"]
[Result "1-0"]
[WhiteElo "2067"]
[BlackElo "1681"]
[PlyCount "75"]
[EventDate "2009.08.15"]
[EventType "swiss"]
[EventRounds "9"]
[EventCountry "GER"]
[SourceTitle "CBM 131 Extra"]
[Source "ChessBase"]
[SourceDate "2009.09.03"]
[SourceVersion "2"]
[SourceVersionDate "2009.09.16"]
[SourceQuality "1"]

1. d4 d5 2. c4 e6 3. Nc3 Nf6 4. Bg5 Be7 5. e3 0-0 6. Nf3 dxc4 7. Bxc4 Nbd7 8. 0-0 a6 9. a4 b6 10. e4 Bb7 11. e5 Ne4 12. Bxe7 Qxe7 13. Bd3 Nxc3 14. bxc3 c5 15. Qe2 cxd4 16. cxd4 Rfd8 17. Rfd1 Nf8 18. Be4 Ng6 19. g3 Qd7 20. h4 Ne7 21. Ng5 h6 22. Bxb7 Qxb7 23. Ne4 Nf5 24. Qg4 Kh7 25. Nc3 Rd7 26. d5 g6 27. d6 Rc8 28. Ne4 Kg7 29. Nf6 Rdd8 30. Qf4 Rc5 31. Rac1 Qc6 32. Ne4 Nd4 33. Qf6+ Kh7 34. Qxf7+ Kh8 35. Qf6+ Kh7 36. Qe7+ Kg8 37. Qxd8+ Kg7 38. Qe7+ 1-0

[Event "Berlin Lichtenberger op 7th"]
[Site "Berlin"]
[Date "2008.08.24"]
[Round "9"]
[White "Albinus, Guenter"]
[Black "Tiemer, Klaus"]
[Result "1-0"]
[WhiteElo "1920"]
[BlackElo "1906"]
[PlyCount "119"]
[EventDate "2008.08.16"]
[EventType "swiss"]
[EventRounds "9"]
[EventCountry "GER"]
[SourceTitle "CBM 126 Extra"]
[Source "ChessBase"]
[SourceDate "2008.11.05"]
[SourceVersion "1"]
[SourceVersionDate "2008.11.05"]
[SourceQuality "1"]

1. Nf3 Nf6 2. g3 g6 3. Bg2 Bg7 4. c4 0-0 5. d3 d5 6. cxd5 Nxd5 7. Qb3 Nb6 8. Nc3 Nc6 9. a3 Be6 10. Qc2 Na5 11. Be3 Nb3 12. Rb1 c5 13. Ng5 Nd5 14. Qxb3 Nxe3 15. Nxe6 Nxg2+ 16. Kf1 Ne3+ 17. fxe3 fxe6+ 18. Kg2 Qd7 19. Rhf1 Qc6+ 20. e4 c4 21. Qc2 Rac8 22. Rxf8+ Kxf8 23. Rf1+ Kg8 24. Rf3 Rf8 25. Nd1 Rd8 26. dxc4 Rd4 27. b3 Rxe4 28. Kf2 a5 29. Nc3 Re5 30. g4 Qc5+ 31. Kg2 Re3 32. Ne4 Qd4 33. Rxe3 Qxe3 34. Qd3 Bd4 35. Qxe3 Bxe3 36. Kf3 Bc1 37. Nc5 b6 38. Nd7 Bxa3 39. Nxb6 Kf7 40. Ke4 Bc5 41. Nd7 Bd6 42. h3 Ke8 43. Ne5 Bc5 44. Nd3 Ba7 45. c5 Kd7 46. Kd4 Kc6 47. Kc4 Bb8 48. b4 axb4 49. Nxb4+ Kb7 50. Kb5 Bc7 51. Nc6 Bg3 52. Nd4 Kc8 53. Nxe6 h5 54. Kc6 hxg4 55. hxg4 Be5 56. Nf8 g5 57. e3 Bf4 58. exf4 gxf4 59. Ng6 f3 60. Nxe7+ 1-0

[Event "Berlin Lichtenberger op 7th"]
[Site "Berlin"]
[Date "2008.08.22"]
[Round "7"]
[White "Dimitrijeski, Kristian"]
[Black "Tiemer, Klaus"]
[Result "1-0"]
[WhiteElo "2167"]
[BlackElo "1906"]
[PlyCount "105"]
[EventDate "2008.08.16"]
[EventType "swiss"]
[EventRounds "9"]
[EventCountry "GER"]
[SourceTitle "CBM 126 Extra"]
[Source "ChessBase"]
[SourceDate "2008.11.05"]
[SourceVersion "1"]
[SourceVersionDate "2008.11.05"]
[SourceQuality "1"]

1. d4 Nf6 2. c4 g6 3. Nc3 Bg7 4. e4 d6 5. Nge2 0-0 6. Ng3 e5 7. d5 c6 8. Be2 cxd5 9. cxd5 a6 10. h4 h5 11. Bg5 Nbd7 12. Qd2 Kh7 13. Bxh5 Rh8 14. Be2 Qe8 15. h5 Kg8 16. 0-0-0 Nh7 17. hxg6 fxg6 18. Kb1 Nc5 19. Bh6 Bf6 20. Be3 Na4 21. Nxa4 Qxa4 22. Rc1 Qe8 23. Nf1 Bd7 24. Nh2 Rc8 25. Ng4 Rxc1+ 26. Rxc1 Bxg4 27. Bxg4 Nf8 28. a3 Bd8 29. Bg5 Bb6 30. Bh6 Qf7 31. f3 Kh7 32. Bg5 Kg7 33. Rc8 Rh1+ 34. Ka2 Bd4 35. Be3 Bxe3 36. Qxe3 Qf4 37. Rc7+ Kf6 38. Qxf4+ exf4 39. Rxb7 Nh7 40. Rb6 Ke5 41. Rxa6 Rg1 42. Ra7 Ng5 43. Rg7 Kf6 44. Rd7 Ke5 45. a4 Rxg2 46. a5 Rh2 47. a6 Rh8 48. Kb3 Ra8 49. a7 Kd4 50. Rxd6 Rxa7 51. Rxg6 Nxe4 52. fxe4 Kxe4 53. d6 1-0

[Event "Berlin Lichtenberger op 7th"]
[Site "Berlin"]
[Date "2008.08.20"]
[Round "5"]
[White "Schnitzer, Peter"]
[Black "Tiemer, Klaus"]
[Result "0-1"]
[WhiteElo "2176"]
[BlackElo "1906"]
[PlyCount "81"]
[EventDate "2008.08.16"]
[EventType "swiss"]
[EventRounds "9"]
[EventCountry "GER"]
[SourceTitle "CBM 126 Extra"]
[Source "ChessBase"]
[SourceDate "2008.11.05"]
[SourceVersion "1"]
[SourceVersionDate "2008.11.05"]
[SourceQuality "1"]

1. e4 Nf6 2. Nc3 d5 3. e5 d4 4. Nce2 Ng4 5. Nf3 Nc6 6. h3 Ngxe5 7. Nexd4 Nxd4 8. Nxe5 Bf5 9. d3 Qd5 10. Nc4 Bg6 11. Bf4 0-0-0 12. Qd2 f6 13. Ne3 Qc6 14. 0-0-0 e5 15. Bg3 Bf7 16. Kb1 Qa4 17. b3 Qa3 18. f4 Nb5 19. Rc1 e4 20. Be1 Bc5 21. Nd1 Rhe8 22. Qa5 Qxa5 23. Bxa5 e3 24. Be2 Nd4 25. Re1 Bd5 26. Bc3 Nb5 27. g3 Nxc3+ 28. Nxc3 Bb4 29. Kb2 f5 30. a3 Bxc3+ 31. Kxc3 c5 32. h4 b5 33. b4 cxb4+ 34. Kxb4 a6 35. a4 bxa4 36. Kxa4 Kc7 37. c4 Bc6+ 38. Kb4 a5+ 39. Kc5 a4 40. Ra1 Ra8 41. Reb1 0-1

[Event "Berlin Lichtenberger op 7th"]
[Site "Berlin"]
[Date "2008.08.17"]
[Round "2"]
[White "Tiemer, Klaus"]
[Black "Schatz, Dieter"]
[Result "0-1"]
[WhiteElo "1906"]
[BlackElo "2216"]
[PlyCount "114"]
[EventDate "2008.08.16"]
[EventType "swiss"]
[EventRounds "9"]
[EventCountry "GER"]
[SourceTitle "CBM 126 Extra"]
[Source "ChessBase"]
[SourceDate "2008.11.05"]
[SourceVersion "1"]
[SourceVersionDate "2008.11.05"]
[SourceQuality "1"]

1. d4 d5 2. Nf3 Nf6 3. c4 dxc4 4. e3 e6 5. Bxc4 a6 6. 0-0 b5 7. Bd3 c5 8. Nc3 c4 9. Bb1 Bb7 10. Qe2 Nbd7 11. e4 b4 12. Na4 Rc8 13. e5 Nd5 14. Ng5 Be7 15. Ne4 N5b6 16. Nac5 Nxc5 17. dxc5 Bxc5 18. Rd1 Nd5 19. Qg4 Bf8 20. Bg5 Qc7 21. Nd6+ Bxd6 22. exd6 Qxd6 23. Be4 0-0 24. Qh4 f5 25. Bxd5 Bxd5 26. Be7 Qc6 27. Bxb4 Rf6 28. Bc3 Rg6 29. g3 Rf8 30. Qf4 Bh1 31. Kf1 Qg2+ 32. Ke2 Rg4 33. Qd6 Qf3+ 34. Kd2 Qxf2+ 35. Kc1 Qe3+ 36. Bd2 Qe4 37. Bb4 Ra8 38. Re1 Qd5 39. Qxe6+ Qxe6 40. Rxe6 Re4 41. Rxe4 Bxe4 42. Kd2 Kf7 43. Ke3 Re8 44. Kf2 g5 45. Rd1 Kg6 46. Re1 f4 47. Bc3 Kf5 48. gxf4 gxf4 49. Rg1 Re6 50. a3 Rh6 51. Rg8 Rxh2+ 52. Kg1 Rc2 53. Rf8+ Kg4 54. Be5 Bf5 55. Rg8+ Kf3 56. Rf8 Kg3 57. Rg8+ Bg4 0-1

[Event "GER North-ch Seniors 7th"]
[Site "Bad Bevensen"]
[Date "2004.06.23"]
[Round "5"]
[White "Wiesner, Werner"]
[Black "Tiemer, Klaus"]
[Result "1/2-1/2"]
[WhiteElo "2136"]
[BlackElo "1970"]
[PlyCount "25"]
[EventDate "2004.06.19"]
[EventType "swiss"]
[EventRounds "9"]
[EventCountry "GER"]
[SourceTitle "EXT 2006"]
[Source "ChessBase"]
[SourceDate "2005.11.24"]
[SourceVersion "1"]
[SourceVersionDate "2005.11.24"]
[SourceQuality "1"]

1. e4 c5 2. Nf3 Nc6 3. d4 cxd4 4. Nxd4 g6 5. Be3 Bg7 6. Be2 Nf6 7. Nc3 0-0 8. 0-0 d5 9. exd5 Nb4 10. Bg5 Nbxd5 11. Nxd5 Qxd5 12. Nf3 Be6 13. Qxd5 1/2-1/2